00273 2200109 4500001002100000005001500021035002400036245003300060260003000093300002700123990001300150YOGYA00000000008292820140823101930 0010-081400000082645 aStanza dan BluescW.S Rendra aYogyakartabBentangc2010 axviii, 119 cm.c21 cm. a2010-537